000 00282nam a2200109Ia 4500
008 200302s9999 xx 000 0 und d
100 _aMelina Deliyannis (Edi)
245 _aPeter Pran Of Nbbj Realizations
260 _bImages Publishing, Austraila
260 _c2007
300 _a223 P
999 _c4803
_d4803